แสดงรายละเอียดบรรณานุกรม
  กลับหน้าหลัก

Brief Record : Get Marc (ISO 2709) : E-mail record : QR code ปิดหน้าต่าง
LEADER 00000nama 2200000uu 4500
008    040531s2530 th m m a000 0 tha d
020    974-611-678-9
041    tha
050    HD69.P75 ส747อว 2530 ล.2
100    มหาวิทยาลัยสุโขทัยธรรมาธิาช สาขาวิชารัฐศาสตร์
245    เอกสารการสอนุชดวิชาการวางนโยบายโครงการและการบริหารโครงการ หน่วยที่ 6-15/สาขาวิชารัฐศาสตร์ มหาวิทยลายสุโขทัยธรรมาธิราช 001
250    2
260    นนทบุรี มหาวิทยาลัย 2530
300    936 หน้า
650    การบริหารโครงการ ชื่อเรื่อง
998    1999-01-22
รายการนี้ยังไม่มีแท็ก
คุณยังไม่ได้ล็อกอิน คุณสามารถมีกิจกรรมร่วมกับเว็บไซต์ได้ แต่ต้องล็อกอินก่อน ::
  ล็อกอิน
ลำดับที่ ประเภท เลขเรียก สถานที่ สถานะ
1. หนังสือทั่วไป
หนังสือทั่วไป
HD69.P75 ส747อว 2530 ล.2 2530  
  
หนังสือทั่วไป On Shelf
  ขอยืม
   [แสดง 1/1 รายการ]

รายการใกล้เคียง
    หัวเรื่อง [การบริหารโครงการ ชื่อเรื่อง]

BibComment


ยังไม่เคยถูกคอมเมนท์

คอมเมนท์ทรัพยากรรายการนี้
  คอมเมนท์: เอกสารการสอนุชดวิ..
Bib 192377

 
 
 

 Union Library Management : ULibM
Copyright 2026. All Rights Reserved.
скачать бесплатно без регистрации порно красивый секс HD Sex Hindi sex

xxx gou

xxxx

bfxxx

xxxwww

Секса Видео

xxxx

Секса Видео

detube

geilexxx

C99 Shell

worms shell

blod xxx video
Ebony Coed Rihanna Rimes Takes A Dick In Her Young Twat priyaa indian fuck anal and pusssy hardcore indian women xxx desi hardcore fucking part 1 bengalixxxcouple